Score 0/40 Timer 15:00
0 Plays Today
No Hint Foods % Correct
Can Put Many Toppings OnPizza
75%
Used In Many WaysCheese
75%
A Type Of BurgerHamburger
56.3%
A Type Of BurgerCheeseburger
56.3%
A Type Of BerryStrawberry
56.3%
FruitTomato
50%
A Type Of BerryRaspberry
50%
FruitOrange
50%
A Type Of BerryBlueberry
43.8%
A Type Of BerryBlackberry
43.8%
Used On HotdogsMustard
37.5%
Used On HotdogsKetchup
37.5%
VegetableLettuce
31.3%
Healthy DrinkMilk
31.3%
FruitCucumber
25%
A Type Of Fish...Tuna
25%
A Really Common SweetChocolate
25%
A Type Of NutPeanuts
18.8%
Used In SandwichesPeanut Butter
18.8%
A Lunch Kids At School Would EatTurkey Cheese Sandwich
12.5%
No Hint Foods % Correct
A Lunch Kids At School Would EatPeanut Butter Jelly Sandwich
12.5%
A Type Of NutAlmonds
12.5%
A Type Of NutCashews
12.5%
A Healthy And Common MealSalad
12.5%
Sorry I Don’t Know.Olive
12.5%
CandyKit Kat
12.5%
CandyAlmond Joy
12.5%
VegetableSquash
6.3%
Different Kinds Of...Soup
6.3%
A Type of SandwichBalogne Sandwich
6.3%
Sorry I Don’t Know.Balogne
6.3%
A Type Of BerryCranberry
6.3%
VegetableCabbage
6.3%
CandySmarties
6.3%
Used In Many WaysWheat Bread
0%
Could Be Used On A SandwichJelly
0%
VegetableOnion
0%
VegetableMushroom
0%
CandyLemonheads
0%
CandyReese’s Peanut Butter Cup
0%
Remove Ads.
Support Sporcle.
Get the best of Sporcle when you Go Orange. This ad-free experience offers more features, more stats, and more fun while also helping to support Sporcle. Thank you for becoming a member.

You're not logged in!

Compare scores with friends on all Sporcle quizzes.
OR
Log In

Sporcle TV

Today on Sporcle TV


Watch our educational content, quiz creation guides, and fun videos on Sporcle TV.

Show Comments

Extras

Created May 9, 2020ReportNominate
Tags:Food Quiz, common

Top Quizzes Today


Score Distribution

Paid Content

Your Account Isn't Verified!

In order to create a playlist on Sporcle, you need to verify the email address you used during registration. Go to your Sporcle Settings to finish the process.

Report this User

Report this user for behavior that violates our Community Guidelines.

Details: